| 000 | 00413pab a2200169 454500 | ||
|---|---|---|---|
| 008 | 180718b2014 xxu||||| |||| 00| 0 eng d | ||
| 100 | _aJohnson, William R. | ||
| 245 | _aHouse prices and female labor force participation | ||
| 260 | _c2014 | ||
| 300 | _ap.1-11. | ||
| 362 | _aJul | ||
| 650 | _aHousing | ||
| 650 | _aLabour force | ||
| 773 | _aJournal of Urban Economics | ||
| 908 | _aN | ||
| 909 | _a106638 | ||
| 999 |
_c106633 _d106633 |
||